01057 a2200265 4500003000500000005001700005020002500022040000900047082001400056082001400070100001800084245005900102250001100161260002800172300001100200500005500211505023000266650005500496650005200551650002900603650002100632942001200653999001900665952010700684Nust20170207154014.0 a0-7506-5199-7 (pbk.) cNust a621.38928 a621.389281 aBrookes, Paul00aElectronic surveillance devices-(E-BOOK)cPaul Brookes a2. ed. aOxford :bNewnes,c2001 a146 s. aPrevious ed.: Oxford : Butterworth-Heinemann, 1996 a1 Why use electronic surveillance? 1- 2 Types of devices 7- 3 Room transmitters 51- 4 Telephone transmitters 71- 5 Switching devices 82- 6 Video devices 95- 7 Countermeasures 107- 8 Receiving equipment 127- 9 Self-bugging 136 7aElectronic monitoring of parolees and probationers 7aElectronic surveillancexEquipment and supplies 7aElektroniska komponenter 7aIntensiv?vakning 2ddccBK c191356d191356 00102ddc40708NFICaMCSbMCSd2016-12-12l0o621.38928 BROpMCSEB-725r2016-12-08w2016-12-12yBK